[Event "25th Czech Open A 2014"]
[Site "Pardubice CZE"]
[Date "2014.07.18"]
[Round "1.71"]
[White "Lomasov, Semen"]
[Black "Vavulin, Maksim"]
[Result "0-1"]
[BlackTitle "IM"]
[WhiteElo "2182"]
[BlackElo "2393"]
[WhiteFideId "24164879"]
[BlackFideId "4169530"]
[EventDate "2014.07.18"]

1. e4 g6 2. d4 Bg7 3. Nc3 d6 4. f4 a6 5. Nf3 b5 6. a3 Nd7 7. Be3 Bb7 8. Be2 Ngf6
9. e5 Ng4 10. Bc1 Nh6 11. O-O c5 12. d5 Nb6 13. a4 bxa4 14. e6 O-O 15. Ng5 f6
16. Nf3 Ra7 17. Nh4 f5 18. h3 Qa8 19. Bf3 Bf6 20. g3 Bxc3 21. bxc3 Nxd5 22. g4
Nxc3 23. Qd3 Bxf3 24. Qxc3 fxg4 25. Bb2 Rf6 26. hxg4 Bxg4 27. f5 Nxf5 28. Rxa4
Nxh4 29. Rxg4 Nf3+ 30. Rxf3 Qxf3 31. Qc4 Qf2+ 0-1

[Event "25th Czech Open A 2014"]
[Site "Pardubice CZE"]
[Date "2014.07.18"]
[Round "1.72"]
[White "Mueller, Ralf1"]
[Black "Muter, Donny"]
[Result "1-0"]
[WhiteTitle "FM"]
[WhiteElo "2392"]
[BlackElo "2181"]
[WhiteFideId "4606612"]
[BlackFideId "409170"]
[EventDate "2014.07.18"]

1. d4 f5 2. c4 e6 3. g3 Nf6 4. Bg2 Be7 5. Nf3 O-O 6. O-O d6 7. Nc3 Ne4 8. Qc2
Nxc3 9. bxc3 c6 10. e4 Nd7 11. Re1 Rb8 12. exf5 exf5 13. Qe2 Rf7 14. h4 h6 15.
h5 Nf8 16. c5 Be6 17. Bf4 Rc8 18. Rab1 Rc7 19. c4 dxc5 20. Bxc7 Qxc7 21. d5 cxd5
22. Ne5 Rf6 23. cxd5 Bc8 24. Nc6 1-0

[Event "25th Czech Open A 2014"]
[Site "Pardubice CZE"]
[Date "2014.07.18"]
[Round "1.73"]
[White "Seegert, Kristian"]
[Black "Sergeyev, Alexander"]
[Result "0-1"]
[BlackTitle "FM"]
[WhiteElo "2178"]
[BlackElo "2389"]
[WhiteFideId "1405098"]
[BlackFideId "13702076"]
[EventDate "2014.07.18"]

1. e4 e5 2. Nf3 Nf6 3. d4 exd4 4. e5 Ne4 5. Nxd4 Bc5 6. Qg4 Bxd4 7. Qxe4 Nc6 8.
c3 Bb6 9. Bd3 Qe7 10. Bf4 g5 11. Bg3 f5 12. exf6 Qxe4+ 13. Bxe4 Kf7 14. Nd2 d6
15. O-O-O Kxf6 16. h4 g4 17. h5 h6 18. Bg6 Rf8 19. f3 Kg7 20. Rde1 gxf3 21. Nxf3
Bf5 22. Bxf5 Rxf5 23. Rh4 Kh7 24. Re6 Raf8 25. Be1 R8f6 26. Re8 Rf8 27. Re6 R5f6
28. Ree4 Rg8 29. Re2 Rg7 30. Bd2 Re7 31. Rxe7+ Nxe7 32. Nh2 Rf2 33. Re4 Nf5 34.
g4 Ng7 35. g5 Rxh2 36. gxh6 Nf5 0-1

[Event "25th Czech Open A 2014"]
[Site "Pardubice CZE"]
[Date "2014.07.18"]
[Round "1.74"]
[White "Jasny, Stanislav"]
[Black "Vykouk, Jan"]
[Result "1-0"]
[WhiteTitle "IM"]
[WhiteElo "2385"]
[BlackElo "2176"]
[WhiteFideId "311030"]
[BlackFideId "349658"]
[EventDate "2014.07.18"]

1. e4 c5 2. Nf3 d6 3. d4 cxd4 4. Nxd4 Nf6 5. Nc3 a6 6. Be2 e5 7. Nb3 Be7 8. O-O
O-O 9. Kh1 Nc6 10. f4 b6 11. Bf3 Bb7 12. Nd5 exf4 13. Bxf4 Ne5 14. Nd4 Nxd5 15.
exd5 Bf6 16. Nc6 Bxc6 17. dxc6 Rc8 18. Bd5 Nxc6 19. Bxd6 Ne7 20. Bb7 Rc4 21. c3
Rh4 22. Bxa6 Qa8 23. Bd3 Rd8 24. Bg3 Ra4 25. a3 Nd5 26. Qf3 Qa5 27. Rad1 Qc5 28.
Be4 1-0

[Event "25th Czech Open A 2014"]
[Site "Pardubice CZE"]
[Date "2014.07.18"]
[Round "1.75"]
[White "Plesek, Jiri"]
[Black "Aulia, Medina Warda"]
[Result "0-1"]
[BlackTitle "WGM"]
[WhiteElo "2175"]
[BlackElo "2382"]
[WhiteFideId "305146"]
[BlackFideId "7101570"]
[EventDate "2014.07.18"]

1. Nf3 Nf6 2. c4 e6 3. g3 d5 4. b3 c5 5. Bg2 Nc6 6. e3 Be7 7. O-O O-O 8. Bb2
dxc4 9. bxc4 Bd7 10. Nc3 Rc8 11. Qe2 Qa5 12. Ne1 Rfd8 13. f4 a6 14. g4 Rb8 15.
g5 Ne8 16. Ne4 b5 17. Qh5 Qb4 18. Bc3 Qxc4 19. d3 Qa4 20. Nf6+ Nxf6 21. gxf6 g6
22. Qh4 Bf8 23. Rf3 Qa3 24. Rh3 h6 25. Bd2 Qb2 26. Rd1 Be8 27. Be4 Nb4 28. Bxb4
cxb4 29. Nf3 Rbc8 30. Ne5 Rc1 31. Rxc1 Qxc1+ 32. Kf2 Qd2+ 33. Kf3 Qd1+ 34. Kg2
Qe2+ 35. Qf2 Qxf2+ 36. Kxf2 Rc8 37. d4 a5 38. d5 exd5 39. Bxd5 Rd8 40. e4 Rd6
41. Rg3 Kh7 42. Nd3 Rxf6 43. e5 Rb6 44. f5 gxf5 45. Nf4 Be7 46. e6 fxe6 0-1

[Event "25th Czech Open A 2014"]
[Site "Pardubice CZE"]
[Date "2014.07.18"]
[Round "1.76"]
[White "Repka, Christopher"]
[Black "Majer, Jiri"]
[Result "1/2-1/2"]
[BlackTitle "FM"]
[WhiteElo "2380"]
[BlackElo "2172"]
[WhiteFideId "14918781"]
[BlackFideId "307564"]
[EventDate "2014.07.18"]

1. d4 Nf6 2. Bg5 Ne4 3. Bf4 d5 4. e3 Nd7 5. Bd3 e6 6. Ne2 Be7 7. Bxe4 dxe4 8.
Nbc3 Nf6 9. Bg5 b6 10. Bxf6 gxf6 11. Nxe4 Bb7 12. f3 Rg8 13. Qd3 f5 14. N4g3 Qd7
15. O-O-O O-O-O 16. Nf4 Bd6 17. Nge2 Qe7 18. Kb1 Kb8 19. Rhe1 Bxf4 20. Nxf4 e5
21. Ne2 e4 22. Qb5 exf3 23. gxf3 Qxe3 24. Nc3 Qxf3 25. a4 a6 26. Qc4 Rd7 27. a5
Rgd8 28. Qb4 bxa5 29. Qc5 Qc6 30. Qxf5 Rxd4 31. Rxd4 Rxd4 32. Qxf7 Rb4 33. Ka1
h6 34. Rg1 Qb6 35. Rg8+ Ka7 36. Qf8 Bc6 37. Rg6 Kb7 38. Qxh6 Qc5 39. h4 a4 40.
Qg5 Qd4 41. Qf6 Qxf6 42. Rxf6 Rxh4 43. Rf2 Rh1+ 44. Ka2 Rc1 45. Rd2 Bb5 46. Ne2
Re1 47. Nc3 c5 48. Rd1 Re3 49. Rh1 Rg3 50. Ne4 Rg2 51. c3 Kb6 52. Rh6+ Bc6 53.
Nf6 Rd2 54. Ng4 Re2 55. Rf6 Kb7 56. Rf7+ Kb6 57. Nf6 Rd2 58. Re7 Rd6 59. Ng4
Bd5+ 60. Ka3 Bb3 61. Re1 1/2-1/2

[Event "25th Czech Open A 2014"]
[Site "Pardubice CZE"]
[Date "2014.07.18"]
[Round "1.77"]
[White "Pershin, Denis"]
[Black "Garcia Roman, Daniel"]
[Result "0-1"]
[BlackTitle "IM"]
[WhiteElo "2171"]
[BlackElo "2379"]
[WhiteFideId "24165506"]
[BlackFideId "2215870"]
[EventDate "2014.07.18"]

1. e4 e6 2. d4 d5 3. Nc3 Nf6 4. e5 Nfd7 5. f4 c5 6. Nf3 Nc6 7. Be3 Be7 8. Qd2
O-O 9. Be2 b6 10. O-O Bb7 11. f5 exf5 12. Nxd5 cxd4 13. Nxd4 Nxd4 14. Nxe7+ Qxe7
15. Bxd4 Be4 16. Bd3 Bxd3 17. cxd3 Qe6 18. Bc3 Nc5 19. Rad1 Rfd8 20. Qg5 Rxd3
21. Rxd3 Nxd3 22. Rd1 h6 23. Qg3 Nc5 24. Rd6 Qxa2 25. h3 Qb1+ 26. Kh2 Ne6 27.
Bd2 Kh7 28. Bc3 Qe4 29. Rd7 Kg8 30. Kh1 Qb1+ 31. Kh2 Qe4 32. Kh1 a5 33. Qf2 b5
34. b3 Rc8 35. Qd2 b4 36. Rxf7 Rxc3 0-1

[Event "25th Czech Open A 2014"]
[Site "Pardubice CZE"]
[Date "2014.07.18"]
[Round "1.78"]
[White "Sukandar, Irine Kharisma"]
[Black "Vala, Filip"]
[Result "1-0"]
[WhiteTitle "WGM"]
[WhiteElo "2375"]
[BlackElo "2171"]
[WhiteFideId "7101937"]
[BlackFideId "325490"]
[EventDate "2014.07.18"]

1. e4 c5 2. Nf3 d6 3. Bb5+ Bd7 4. Bxd7+ Nxd7 5. O-O Ngf6 6. Qe2 g6 7. c3 Bg7 8.
d4 cxd4 9. cxd4 d5 10. e5 Ne4 11. Ne1 h6 12. f3 Ng5 13. Nc3 Ne6 14. Nc2 Nc7 15.
f4 e6 16. b3 Bf8 17. a4 Rc8 18. Qd3 Na6 19. Nb5 Nb4 20. Nxb4 Bxb4 21. Bd2 Be7
22. Nxa7 Ra8 23. Nb5 Nb8 24. Rfc1 Nc6 25. a5 Kf8 26. b4 Nxb4 27. Bxb4 Bxb4 28.
Rc7 Kg7 29. Rb1 Rxa5 30. Rxb4 Rxb5 31. Rxf7+ Kxf7 32. Qxb5 Qc7 33. Qxb7 Rc8 34.
Kf2 Kf8 35. Qxc7 Rxc7 36. Rb2 Kf7 37. Rd2 Ra7 38. Kg3 Kg7 39. Kg4 Kf7 40. Rc2
Ke7 41. h4 Kf7 42. h5 Kg7 43. Rc6 gxh5+ 44. Kxh5 Rf7 45. g3 Rf5+ 46. Kg4 h5+ 47.
Kh4 Kf7 48. Rc7+ Ke8 49. Rh7 Kd8 50. Rxh5 Rf7 51. Rh6 Kd7 52. Kg5 Rf5+ 53. Kg6
Kc6 54. Kg7 Kd7 55. Rf6 Rh5 56. g4 Rh1 57. f5 Rh4 58. g5 exf5 59. Rd6+ Ke7 60.
Rxd5 f4 61. Ra5 f3 62. d5 f2 63. Ra7+ Ke8 64. Ra8+ Ke7 65. d6+ Ke6 66. Re8+ Kf5
67. d7 f1=Q 68. Rf8+ Kxe5 69. Rxf1 Rd4 70. Rf7 Ke6 71. g6 1-0

[Event "25th Czech Open A 2014"]
[Site "Pardubice CZE"]
[Date "2014.07.18"]
[Round "1.79"]
[White "Klecker, Tadeas"]
[Black "Cerveny, Martin"]
[Result "1/2-1/2"]
[BlackTitle "FM"]
[WhiteElo "2167"]
[BlackElo "2375"]
[WhiteFideId "326950"]
[BlackFideId "321141"]
[EventDate "2014.07.18"]

1. d4 Nf6 2. c4 c6 3. Nc3 d5 4. Nf3 a6 5. e3 b5 6. b3 Bf5 7. Bd3 g6 8. Ne5 Bxd3
9. Qxd3 Bg7 10. O-O O-O 11. f4 Qd6 12. g4 b4 13. g5 Nfd7 14. Ne2 Qe6 15. cxd5
cxd5 16. Bd2 Nxe5 17. dxe5 Nd7 18. Rac1 Rac8 19. Rxc8 Rxc8 20. Bxb4 Nxe5 21.
fxe5 Qg4+ 22. Ng3 Qxb4 23. Qxd5 e6 24. Qd7 Rf8 25. Qd4 Qa5 26. Ne4 Bxe5 27. Nf6+
Kg7 28. Qh4 Bxf6 29. Qh6+ 1/2-1/2

[Event "25th Czech Open A 2014"]
[Site "Pardubice CZE"]
[Date "2014.07.18"]
[Round "1.80"]
[White "Vlasak, Lukas"]
[Black "Kratochvil, Karel"]
[Result "1/2-1/2"]
[WhiteTitle "FM"]
[WhiteElo "2375"]
[BlackElo "2164"]
[WhiteFideId "324752"]
[BlackFideId "325546"]
[EventDate "2014.07.18"]

1. e4 e5 2. Nf3 Nf6 3. Nxe5 d6 4. Nf3 Nxe4 5. Nc3 Nxc3 6. dxc3 Be7 7. Bf4 Be6 8.
Qd2 Nc6 9. Bb5 O-O 10. O-O-O a6 11. Bd3 Bf6 12. Kb1 Ne5 13. Bxe5 dxe5 14. Qe3
Qe7 15. Rhe1 Rfe8 16. Ka1 Rad8 17. Nxe5 g6 18. f4 Rd5 19. c4 Ra5 20. Qd2 b6 21.
c3 Bxe5 22. Rxe5 Rxe5 23. fxe5 Rd8 24. Qe2 Qh4 25. g3 Qg5 26. Re1 c5 27. a3 Rd7
28. Qc2 Qd8 29. Re3 Qg5 30. Qe2 Bg4 1/2-1/2

[Event "25th Czech Open A 2014"]
[Site "Pardubice CZE"]
[Date "2014.07.18"]
[Round "1.81"]
[White "Freyberg, Dominic"]
[Black "Seger, Ruediger"]
[Result "1/2-1/2"]
[BlackTitle "IM"]
[WhiteElo "2163"]
[BlackElo "2374"]
[WhiteFideId "24620106"]
[BlackFideId "4617274"]
[EventDate "2014.07.18"]

1. e4 c6 2. c4 d5 3. cxd5 cxd5 4. exd5 Nf6 5. Nc3 Nxd5 6. Bc4 e6 7. Nf3 Nc6 8.
O-O Be7 9. d4 Nxc3 10. bxc3 O-O 11. Rb1 b6 12. Qe2 Bb7 13. Rb5 Ba6 14. Rh5 Bxc4
15. Qxc4 Qd7 16. Qd3 f5 17. Re1 Rae8 18. Qe2 Bf6 19. Ba3 Be7 20. Bc1 Bf6 21. Ba3
Be7 22. Bc1 1/2-1/2

[Event "25th Czech Open A 2014"]
[Site "Pardubice CZE"]
[Date "2014.07.18"]
[Round "1.82"]
[White "Vrana, Jan"]
[Black "Rous, Daniel"]
[Result "1-0"]
[WhiteTitle "FM"]
[WhiteElo "2374"]
[BlackElo "2160"]
[WhiteFideId "322369"]
[BlackFideId "338150"]
[EventDate "2014.07.18"]

1. e4 c5 2. Nf3 d6 3. d4 cxd4 4. Qxd4 a6 5. Be3 Nc6 6. Qd2 Nf6 7. Nc3 e6 8.
O-O-O Be7 9. Bf4 b5 10. Bxd6 b4 11. e5 bxc3 12. Qxc3 Nxe5 13. Nxe5 Bxd6 14. Qc6+
Ke7 15. Qxa8 Qc7 16. Nc6+ Kd7 17. Nb8+ Ke7 18. Nxa6 Qb6 19. Rxd6 Qxd6 20. Qa7+
Bd7 21. Qc5 Ra8 22. Qxd6+ Kxd6 23. Nb4 e5 24. Be2 Be6 25. Rd1+ Kc7 26. b3 e4 27.
Kb2 h5 28. h4 Bg4 29. f3 exf3 30. gxf3 Be6 31. a4 Nd7 32. Nd5+ Kb7 33. Nf4 1-0

[Event "25th Czech Open A 2014"]
[Site "Pardubice CZE"]
[Date "2014.07.18"]
[Round "1.83"]
[White "Grigorian, Spartak"]
[Black "Ekdyshman, Mikhail"]
[Result "0-1"]
[BlackTitle "IM"]
[WhiteElo "2156"]
[BlackElo "2369"]
[WhiteFideId "24661490"]
[BlackFideId "4149416"]
[EventDate "2014.07.18"]

1. d4 d5 2. c4 Nc6 3. cxd5 Qxd5 4. e3 e5 5. Nf3 Bg4 6. Nc3 Bb4 7. Bd2 Bxc3 8.
bxc3 e4 9. c4 Qd6 10. h3 Qh6 11. Rg1 Bd7 12. Nh2 Qd6 13. Rh1 Nf6 14. Be2 h5 15.
Rb1 b6 16. Nf1 a5 17. Bc3 Rh6 18. Nd2 Rg6 19. Kf1 h4 20. Rb5 Kf8 21. Qb1 Re8 22.
c5 Qe7 23. cxb6 cxb6 24. Bc4 Kg8 25. Qb2 Rc8 26. a3 Ne8 27. Rxb6 Qg5 28. Rh2
Bxh3 29. d5 Bxg2+ 30. Ke1 Ne7 31. Bxa5 h3 32. Rb8 Nd6 33. Bd8 Rxb8 34. Qxb8 Kh7
35. Bf1 Qe5 36. Rxh3+ Bxh3 37. Bxh3 Rg1+ 38. Bf1 Nxd5 39. Qb1 f5 40. Ba5 Nxe3
41. fxe3 Qxa5 0-1

[Event "25th Czech Open A 2014"]
[Site "Pardubice CZE"]
[Date "2014.07.18"]
[Round "1.84"]
[White "Suran, Jan"]
[Black "Hladik, Josef"]
[Result "1/2-1/2"]
[WhiteTitle "FM"]
[WhiteElo "2368"]
[BlackElo "2153"]
[WhiteFideId "305782"]
[BlackFideId "305545"]
[EventDate "2014.07.18"]

1. e4 Nf6 2. d3 e5 3. Nf3 Nc6 4. Be2 Bc5 5. O-O d6 6. c3 a6 7. Nbd2 O-O 8. Qc2
Ba7 9. Nc4 h6 10. Bd2 Be6 11. Rad1 Qe7 12. Bc1 Rad8 13. h3 Bc8 14. Rfe1 d5 15.
exd5 Nxd5 16. Bf1 f6 17. d4 Qf7 18. Bd3 exd4 19. Bh7+ Kh8 20. Bg6 Qd7 21. cxd4
Nce7 22. Be4 Qc6 23. Qb3 Qb5 24. Ncd2 Qxb3 25. Nxb3 Bf5 26. Na5 Bxe4 27. Rxe4 b6
28. Nb3 Nf5 29. Kf1 Rfe8 30. Rxe8+ Rxe8 31. Re1 Rxe1+ 32. Kxe1 h5 33. g4 hxg4
34. hxg4 Nd6 35. Ke2 Kg8 36. a3 Kf7 37. Kd3 Ke6 38. Be3 c6 39. Nc1 b5 40. b3 Bb6
41. Ne2 g5 42. Nd2 Bd8 43. f4 gxf4 44. Nxf4+ Nxf4+ 45. Bxf4 Nb7 46. Ne4 Be7 47.
b4 a5 48. Nc5+ Bxc5 49. dxc5 axb4 50. axb4 Nd8 51. Kd4 Nf7 52. Ke4 Ng5+ 53. Bxg5
fxg5 54. Kd4 Kf6 55. Ke4 1/2-1/2

[Event "25th Czech Open A 2014"]
[Site "Pardubice CZE"]
[Date "2014.07.18"]
[Round "1.85"]
[White "Kosata, Jan"]
[Black "Kourousis, Epaminondas"]
[Result "0-1"]
[WhiteElo "2145"]
[BlackElo "2364"]
[WhiteFideId "310140"]
[BlackFideId "4211626"]
[EventDate "2014.07.18"]

1. c4 Nf6 2. Nc3 e5 3. g3 Bb4 4. Nd5 Ba5 5. Qa4 Nc6 6. b4 b5 7. cxb5 Nxd5 8.
bxa5 Nce7 9. Bg2 Rb8 10. Ba3 a6 11. bxa6 Bxa6 12. Qg4 O-O 13. Bxd5 Nxd5 14. Bxf8
Qxf8 15. Nf3 Nb4 16. O-O Bxe2 17. Qe4 Bxf1 18. Rxf1 Nc6 19. Ng5 g6 20. Qh4 h6
21. Ne4 Rb4 22. Qg4 Qe7 23. Qf3 Kg7 24. Nc3 Qe6 25. a6 Nd4 26. Qe4 f5 27. Qa8
Qc6 28. Qxc6 Nxc6 29. Nd5 Ra4 30. Nxc7 Rxa2 31. Rc1 Nb4 32. Rc5 e4 33. Rb5 Nxa6
34. Nxa6 Rxa6 35. Rd5 d6 36. d3 exd3 37. Rxd3 Kf6 38. Re3 d5 39. h4 Re6 40. Ra3
d4 41. Kf1 g5 42. hxg5+ hxg5 43. Ra5 Rb6 44. Rd5 Rb4 45. f4 g4 46. Rd6+ Ke7 47.
Rd5 Ke6 48. Re5+ Kf6 49. Rd5 Rb3 50. Kf2 Rf3+ 51. Kg2 Rd3 52. Kf2 Ke6 53. Re5+
Kd6 54. Rxf5 Rf3+ 55. Ke2 Rxg3 56. Rg5 Re3+ 57. Kd1 g3 58. Kd2 Ke6 59. Kd1 Kf6
60. Kd2 Ra3 61. Ke2 Re3+ 62. Kd2 Rb3 63. Kd1 Rb1+ 64. Ke2 Rb3 65. Kd1 Ke6 66.
Kc2 Ra3 67. Kd1 Ra1+ 68. Ke2 Rg1 69. Re5+ Kd6 70. Kf3 g2 71. Kf2 Rf1+ 72. Kxg2
Rxf4 73. Ra5 d3 74. Ra3 Rd4 75. Ra1 d2 76. Rd1 0-1

[Event "25th Czech Open A 2014"]
[Site "Pardubice CZE"]
[Date "2014.07.18"]
[Round "1.86"]
[White "Gorbatov, Alexej"]
[Black "Bjornsson, Tomas"]
[Result "1/2-1/2"]
[WhiteTitle "IM"]
[BlackTitle "FM"]
[WhiteElo "2358"]
[BlackElo "2144"]
[WhiteFideId "4111834"]
[BlackFideId "2300303"]
[EventDate "2014.07.18"]

1. c4 Nf6 2. g3 g6 3. Bg2 Bg7 4. Nc3 O-O 5. d4 d6 6. Nf3 Nbd7 7. O-O e5 8. h3 c6
9. e4 Qe7 10. Re1 b6 11. b3 Bb7 12. Ba3 c5 13. Nd5 Qd8 14. dxe5 Nxe5 15. Nxe5
Nxd5 16. cxd5 Bxe5 17. Rb1 Qf6 18. Bc1 h5 19. Be3 Ba6 20. Bf1 Bxf1 21. Rxf1 Rfe8
22. Kg2 Qe7 23. Re1 Qd7 24. Qd3 Bg7 25. Bd2 Re7 26. b4 Qa4 27. bxc5 bxc5 28. Bg5
Ree8 29. Qf3 Rab8 30. Rxb8 Rxb8 31. Bf6 Qd7 32. Bxg7 Kxg7 33. Qc3+ f6 34. Re3
Rb4 35. a3 Rd4 36. Qa5 Qe7 37. Kf3 g5 38. Qa6 g4+ 39. hxg4 hxg4+ 40. Kxg4 Rxe4+
41. Kf3 Rxe3+ 42. fxe3 f5 43. Kf2 Kg6 44. Qc8 Qe4 45. Qg8+ Kf6 46. Qh8+ Kg6 47.
Qg8+ Kf6 48. Qh8+ Kg6 49. Qg8+ 1/2-1/2

[Event "25th Czech Open A 2014"]
[Site "Pardubice CZE"]
[Date "2014.07.18"]
[Round "1.87"]
[White "Chlost, Marlena"]
[Black "Sylvan, Jacob"]
[Result "0-1"]
[WhiteTitle "WFM"]
[BlackTitle "FM"]
[WhiteElo "2142"]
[BlackElo "2356"]
[WhiteFideId "1122657"]
[BlackFideId "1402137"]
[EventDate "2014.07.18"]

1. e4 g6 2. d4 Bg7 3. Nc3 d6 4. f4 a6 5. Nf3 b5 6. a3 Nd7 7. e5 Nh6 8. Bd3 O-O
9. Ne2 c5 10. c3 Bb7 11. O-O Nb6 12. Ng3 cxd4 13. cxd4 Nd5 14. Qe2 Qb6 15. Kh1
e6 16. Bd2 Nf5 17. Nxf5 gxf5 18. a4 bxa4 19. Rxa4 dxe5 20. fxe5 Bc6 21. Rxa6
Rxa6 22. Bxa6 Qxb2 23. Qe1 Ne7 24. Bg5 Ng6 25. Qc1 Qb6 26. Be2 Bxf3 27. Bxf3
Qxd4 28. Re1 Nxe5 29. Bh5 Nd3 0-1

[Event "25th Czech Open A 2014"]
[Site "Pardubice CZE"]
[Date "2014.07.18"]
[Round "1.88"]
[White "Druska, Juraj"]
[Black "Citra, Dewi Ardhiani Anastasia"]
[Result "1-0"]
[WhiteTitle "FM"]
[BlackTitle "WFM"]
[WhiteElo "2355"]
[BlackElo "2141"]
[WhiteFideId "14915650"]
[BlackFideId "7101244"]
[EventDate "2014.07.18"]

1. d4 Nf6 2. Bg5 Ne4 3. Bf4 c5 4. d5 e6 5. f3 Bd6 6. Bxd6 Nxd6 7. Nc3 Nf5 8. Nh3
O-O 9. Qd2 d6 10. dxe6 Bxe6 11. O-O-O Qa5 12. Kb1 Nc6 13. Nf4 Rad8 14. e4 Nfd4
15. Ncd5 Qxd2 16. Rxd2 Bc8 17. c3 Ne6 18. Bc4 Ne5 19. Bb3 Nxf4 20. Nxf4 g5 21.
Nd5 Kg7 22. Ne7 c4 23. Nxc8 Rxc8 24. Ba4 g4 25. f4 Nd3 26. g3 Rc5 27. Rhd1 Rh5
28. Bd7 f5 29. Bxf5 Rhxf5 30. exf5 Re8 31. Kc2 Kf6 32. Rxd3 cxd3+ 33. Rxd3 Kxf5
34. Rxd6 Re2+ 35. Rd2 Re3 36. Rd5+ Kf6 37. Kd2 Re6 38. Rg5 Rd6+ 39. Kc1 Re6 40.
Rxg4 Re2 41. Rh4 Kg6 42. f5+ Kxf5 43. Rxh7 b6 44. a4 a5 45. Rh5+ Ke4 46. Rh6 Kd3
47. Rd6+ Kc4 48. Rxb6 Rxh2 49. Kb1 Rg2 50. Ka2 Rxg3 51. Rb5 1-0

[Event "25th Czech Open A 2014"]
[Site "Pardubice CZE"]
[Date "2014.07.18"]
[Round "1.89"]
[White "Hoerr, Matthias"]
[Black "Novotny, Michal"]
[Result "1-0"]
[BlackTitle "FM"]
[WhiteElo "2141"]
[BlackElo "2354"]
[WhiteFideId "4681398"]
[BlackFideId "310980"]
[EventDate "2014.07.18"]

1. e4 e6 2. d4 d5 3. Nc3 Bb4 4. exd5 exd5 5. Bd3 Nc6 6. a3 Qe7+ 7. Ne2 Bxc3+ 8.
bxc3 Bg4 9. f3 Bh5 10. O-O O-O-O 11. a4 Bg6 12. a5 Re8 13. Nf4 Qd6 14. Qd2 Bxd3
15. Qxd3 Nge7 16. Qb5 a6 17. Qb3 Na7 18. Nd3 Ng6 19. Ba3 Qc6 20. Nb4 Qb5 21.
Nxd5 Re2 22. c4 Qxb3 23. cxb3 Nc6 24. Bc5 Rhe8 25. b4 Rc2 26. Rfc1 Ree2 27. Rxc2
Rxc2 28. b5 Nb8 29. Re1 Kd7 30. Ba7 Rxc4 31. Bxb8 axb5 32. Nxc7 Kc8 33. Nxb5
Kxb8 34. d5 f6 35. d6 Ne5 36. f4 Nd7 37. Re7 Rc5 38. Nc7 1-0

[Event "25th Czech Open A 2014"]
[Site "Pardubice CZE"]
[Date "2014.07.18"]
[Round "1.90"]
[White "Schwarz, Dusan"]
[Black "Pekar, Vaclav"]
[Result "1/2-1/2"]
[WhiteElo "2352"]
[BlackElo "2141"]
[WhiteFideId "14903890"]
[BlackFideId "323799"]
[EventDate "2014.07.18"]

1. d4 e6 2. c4 f5 3. Nf3 Nf6 4. Bf4 b6 5. Nbd2 Bb7 6. e3 Be7 7. Bd3 Be4 8. Bxe4
Nxe4 9. Nxe4 fxe4 10. Nd2 O-O 11. Nxe4 Bb4+ 12. Nc3 Bxc3+ 13. bxc3 d6 14. O-O
Nc6 15. Qa4 Qe8 16. Qc2 Na5 17. c5 Qc6 18. cxd6 cxd6 19. Bg3 Rac8 20. Rac1 Rf5
21. e4 Rb5 22. Rb1 Rxb1 23. Qxb1 Qxc3 24. Bxd6 Qxd4 25. Rd1 Qc3 26. Bb4 Qc2 27.
Bxa5 Qxb1 28. Rxb1 bxa5 29. g3 Rc4 30. e5 g5 31. Rb7 Re4 32. Rxa7 Rxe5 33. h3 h5
34. Kg2 g4 35. hxg4 hxg4 36. Kf1 Kf8 37. Rd7 Re4 1/2-1/2

[Event "25th Czech Open A 2014"]
[Site "Pardubice CZE"]
[Date "2014.07.18"]
[Round "1.91"]
[White "Eliseev, Evgeniy"]
[Black "Nun, Jiri"]
[Result "0-1"]
[BlackTitle "IM"]
[WhiteElo "2140"]
[BlackElo "2351"]
[WhiteFideId "14139642"]
[BlackFideId "300179"]
[EventDate "2014.07.18"]

1. d4 c5 2. d5 g6 3. e4 d6 4. Bd2 Bg7 5. Bc3 Nf6 6. Nd2 O-O 7. Ngf3 e6 8. dxe6
fxe6 9. e5 Nd5 10. Ne4 Nxc3 11. bxc3 d5 12. Nxc5 Qa5 13. Nb3 Qxc3+ 14. Qd2 Rxf3
15. gxf3 Qxf3 16. Qg5 Nc6 17. Bg2 Qc3+ 18. Qd2 Qxe5+ 19. Kf1 Qc7 20. Re1 Ne7 21.
Re2 Bd7 22. Kg1 Nf5 23. Bh3 Rf8 24. Qb4 b6 25. Bxf5 Rxf5 26. Qd2 Qc4 27. h3 Qh4
28. Qe3 e5 29. Qd3 e4 30. Qa6 Rg5+ 31. Kf1 Bxh3+ 32. Ke1 Bc3+ 33. Kd1 Bd7 34.
Ree1 Qg4+ 35. Kc1 Bxe1 36. Rxe1 Qf4+ 37. Kb2 Qe5+ 38. Ka3 Qc7 39. Kb2 Rf5 40.
Qe2 Qe5+ 41. c3 b5 42. a3 Rf8 43. Qe3 Qf4 44. Rd1 Qxf2+ 45. Qxf2 Rxf2+ 46. Kb1 0-1

[Event "25th Czech Open A 2014"]
[Site "Pardubice CZE"]
[Date "2014.07.18"]
[Round "1.92"]
[White "Hansen, Mads"]
[Black "Rodionova, Polina"]
[Result "0-1"]
[WhiteTitle "FM"]
[BlackTitle "WFM"]
[WhiteElo "2350"]
[BlackElo "2138"]
[WhiteFideId "1401610"]
[BlackFideId "24102555"]
[EventDate "2014.07.18"]

1. e4 e5 2. Nf3 Nc6 3. Bb5 Nge7 4. c3 d5 5. Nxe5 dxe4 6. d4 exd3 7. Qf3 Be6 8.
Nxc6 Nxc6 9. Bxc6+ bxc6 10. Qxc6+ Bd7 11. Qf3 Bd6 12. O-O O-O 13. Nd2 Rb8 14. h3
Qh4 15. b3 Be5 16. Bb2 Rfd8 17. Nc4 Bf6 18. Rfd1 Be6 19. Ne3 c5 20. Rab1 c4 21.
bxc4 Qg5 22. Ba3 Rxb1 23. Rxb1 Qa5 24. Bb4 Qxa2 25. Rd1 a5 26. Bc5 Bxc4 27. Bb6
Rb8 28. Qf4 Rc8 29. Ng4 Bxc3 30. Qf5 Rf8 31. Bc5 Qb3 32. Ne3 Re8 33. Qg4 Bb5 34.
Kh2 d2 35. Bd4 g6 36. Nf5 Be2 37. Nh6+ Kf8 38. Bc5+ Kg7 39. Nf5+ Kh8 40. Bd4+ f6
41. Qh4 Bxd4 42. Qxd4 Qe6 0-1

[Event "25th Czech Open A 2014"]
[Site "Pardubice CZE"]
[Date "2014.07.19"]
[Round "2.1"]
[White "Nisipeanu, Liviu-Dieter"]
[Black "Potapov, Alexander1"]
[Result "1-0"]
[WhiteTitle "GM"]
[BlackTitle "GM"]
[WhiteElo "2686"]
[BlackElo "2399"]
[WhiteFideId "1202758"]
[BlackFideId "4115074"]
[EventDate "2014.07.18"]

1. Nf3 f5 2. d3 Nc6 3. d4 d5 4. Bf4 Nf6 5. e3 e6 6. c4 Bb4+ 7. Nbd2 a5 8. a3 Bd6
9. cxd5 exd5 10. Bb5 Bd7 11. O-O Bxf4 12. exf4 O-O 13. Rc1 Ne7 14. Bd3 a4 15.
Ne5 Ne4 16. Qc2 c6 17. Rfe1 Be8 18. f3 Qb6 19. fxe4 Qxd4+ 20. Kh1 fxe4 21. Nxe4
dxe4 22. Bxe4 Ng6 23. Rcd1 Qb6 24. Qc4+ Bf7 25. Nxf7 Rxf7 26. Rd7 Qb3 27. Bd3 b5
28. Qxc6 Raf8 29. Rxf7 Qxf7 30. Bxb5 Qxf4 31. Qc4+ Qxc4 32. Bxc4+ Kh8 33. Bb5 h5
34. Re8 Rxe8 35. Bxe8 Ne5 36. Bxa4 Nc4 37. Bb5 Nxb2 38. a4 Nd1 39. a5 Nc3 40.
Bc6 1-0